Tilastot visalle Papua-Uusi-Guineaa lähimmät maat

Klikkaa tästä pelataksesi tätä visaa!

Yleistilastot

  • Tätä visaa on pelattu 25 kertaa
  • Keskiarvotulos 17 / 20

Vastaustilastot

kmmaa% Oikein
4Australia
100%
0Indonesia
95%
1636Kiribati
95%
514Mikronesia
95%
1392Nauru
95%
3472Uusi-Seelanti
95%
2518Fidži
89%
1263Palau
89%
5Salomonsaaret
89%
3578Samoa
89%
2565Malesia
84%
1506Timor-Leste
84%
2226Tuvalu
84%
1485Vanuatu
84%
2950Brunei
79%
1875Marshallinsaaret
79%
3249Tonga
79%
1953Filippiinit
74%
3469Japani
63%
3454Taiwan
63%

Tulosjakauma

Persentiili vastausten määrän mukaan

Jokaisen tuloksen saaneiden osuus

Tuloshistoriasi

Et ole pelannut tätä visaa